00422nam a2200157Ia 4500008004100000020001400041041001200055082001100067100001700078245008200095250000800177260003800185300000800223650001500231700001800246221030s9999 xx 000 0 und d a813150266 aEnglish a105.23 aT. N. Ingram 0aSales Management : Analysis & Decision Makingcby T. N. Ingram, R. W. Laforge a6th bCengage LearningaNew Delhic2011 a436 aManagement aR. W. Laforge